Devine le pays de ce club de football #1 (facile) - Statistiques

Statistiques générales
  • Ce quiz a été pris 215 fois
  • Le résultat moyen est 23 sur 24
Statistiques - réponses
Par images Réponse % Correct
Espagne
100%
Allemagne
99%
Angleterre
99%
France
99%
France
99%
Espagne
98%
Italie
98%
Allemagne
97%
Allemagne
97%
France
97%
France
96%
Italie
96%
Portugal
96%
Angleterre
95%
Angleterre
95%
Angleterre
95%
France
95%
Pays-Bas
95%
France
94%
Italie
94%
Espagne
93%
Italie
93%
Portugal
92%
Ecosse
84%
Aucun quiz correspondant
Distribution des résultats
% des personnes avec chaque résultat
Percentile par nombre de réponses
Votre historique - résultats
Vous n’avez pas pris ce quiz